000 00489nam a22001937a 4500
005 20231125112833.0
008 231125b |||||||| |||| 00| 0 eng d
020 _a9789385676482
_cRs. 1300.00
040 _aMAIN
082 _a620.106
_bK96E(8)
100 _aKumar, K L
245 _aEngineering fluid mechanics
250 _a8th
260 _aNew Delhi
_bEurasia Publishing House
_c2016
300 _axii, 611
650 _aEngineering
650 _aFluid Mechanics
942 _cBK
999 _c309007
_d309007